An introduction to regression graphics
Saved in:
| Main Author: | |
|---|---|
| Other Authors: | |
| Format: | Book |
| Language: | English |
| Published: |
New York ; Chichester :
John Wiley & Sons,
c1994
|
| Series: | Wiley series in probability and mathematical statistics
|
| Subjects: | |
| Tags: |
Add Tag
No Tags, Be the first to tag this record!
|
MARC
| LEADER | 00000nam a2200000 i 4500 | ||
|---|---|---|---|
| 001 | 1/8513 | ||
| 008 | 000630s1994 eng d | ||
| 020 | |a 0-471-00839-7 | ||
| 035 | |l 10062699 | ||
| 040 | |a GR-MY-UA |b gre |e aacr | ||
| 041 | 0 | |a eng | |
| 082 | 0 | |a 519.536028566 |2 (20) | |
| 100 | 1 | |a Cook, R. Dennis. | |
| 245 | 1 | 3 | |a An introduction to regression graphics / |c R.Dennis Cook, Stanford Weisberg |
| 260 | |a New York ; Chichester : |b John Wiley & Sons, |c c1994 | ||
| 300 | |a xx, 253 p.; |b ill.; |c 25 cm. + |e 2 computer disks (3 1/2 in.) | ||
| 490 | 1 | |a Wiley series in probability and mathematical statistics | |
| 504 | |a Includes bibliographical references and index | ||
| 650 | 0 | 0 | |a Regression analysis |x Graphic methods |x Data processing. |
| 700 | 1 | |a Weisberg, Sanford |d 1947- | |
| 830 | 0 | |a Wiley series in probability and mathematical statistics | |
| 852 | |a INST |b SAMOS |e 20000630 |h 519.536028566 COO |p 005300019295 |q 005300019295 |t BK |y 0 | ||
| 852 | |a INST |b SAMOS |e 20000929 |h 519.536028566 COO |p 005300019293 |q 005300019293 |t BK |y 0 | ||
| 852 | |a INST |b SAMOS |e 20000929 |h 519.536028566 COO |p 005300019294 |q 005300019294 |t BK |y 0 | ||
| 901 | |a BIBL3-2000-2 | ||
| 909 | |a Σ |b 078809 | ||
| 909 | |a Σ |b 079751 | ||
| 909 | |a Σ |b 079752 | ||
| 922 | |a 3ΕΛΗ |b 200005 |c ΚΠΣ |d ΠΑΠΑΣΩΤΗΡΙΟΥ | ||
| 950 | |a 116-1999-12-31 | ||
| 970 | |a ΜΑΛΑΓΑΡΗ |b ΦΩΤΕΙΝΗ |z 2000/07/25 | ||